000 00813nam a22002657a 4500
001 14087
003 BD-RjUL
005 20211208235553.0
008 140205s2009 ii a|||g |||| 001 0 eng d
020 _a9780070262225
020 _a0070262225
035 _a(BD-RjUL)14139
040 _aBD-RjUL
_beng
_cBD-RjUL
_dBD-RjUL
041 _aeng
082 0 4 _a629.89
_bSII 2009
_223
100 1 _aSinhg, S K.
_944024
245 1 0 _a Industrial instrumentation and control /
_cBy S K Singh.
250 _a3rd.ed.
260 _a New Delhi ;
_aNew York :
_bTata McGraw-Hill,
_cc2009.
300 2 _axxi, 741 p. :
_bill.
_c24 cm.
504 _aIncludes bibliographical references (p. [732]-734) and index.
650 0 _aEngineering instruments
_939472
650 0 _aElectronic control
_942121
942 _2ddc
_cBK
999 _c14087
_d14087